| 000 | 01396cam a2200397 a 4500 | ||
|---|---|---|---|
| 999 |
_c805 _d805 |
||
| 001 | .b14949957 | ||
| 003 | OCoLC | ||
| 005 | 20191220090118.0 | ||
| 008 | 080331p20082002nyu j 000 1 eng | ||
| 020 | _a9780061479892 (pbk.) : | ||
| 020 | _a0061479896 (pbk.) : | ||
| 035 |
_a(OCoLC)216904720 _z(OCoLC)156822792 |
||
| 040 |
_aEJI _cEJI _dBAKER _dIHE _dBTCTA _dYDXCP _dGSC _dPFO _dBDX _dTWWZU |
||
| 041 | 0 | _aeng | |
| 042 | _anbic | ||
| 082 | _aFIC CAB | ||
| 100 | 1 |
_aCabot, Meg. _eauthor |
|
| 245 | 1 | 0 |
_aAll-American girl / _cMeg Cabot. |
| 260 |
_aNew York : _bHarperTeen, _c2002. |
||
| 300 |
_a398 p. ; _c18 cm. |
||
| 520 | _aA sophomore girl stops a presidential assassination attempt, is appointed Teen Ambassador to the United Nations, and catches the eye of the very cute First Son. | ||
| 650 | 1 |
_aPresidents _vFiction. |
|
| 650 | 1 |
_aHeroes _vFiction. |
|
| 650 | 1 |
_aInterpersonal relations _vFiction. |
|
| 650 | 1 |
_aHigh schools _vFiction. |
|
| 650 | 1 |
_aSchools _vFiction. |
|
| 650 | 1 | _aHumorous stories. | |
| 650 | 0 |
_aPresidents _zUnited States _vJuvenile fiction. |
|
| 650 | 0 |
_aHeroes _vJuvenile fiction. |
|
| 650 | 0 |
_aInterpersonal relations in adolescence _vJuvenile fiction. |
|
| 650 | 0 |
_aHigh schools _vJuvenile fiction. |
|
| 650 | 0 |
_aSchools _vJuvenile fiction. |
|
| 651 | 1 |
_aWashington (D.C.) _vFiction. |
|
| 651 | 0 |
_aWashington (D.C.) _vJuvenile fiction. |
|
| 942 |
_2ddc _cFIC |
||